000 00249nam a22000977a 4500
999 _c534498
_d534498
082 _a624.18341
_bLEE
100 _aLeet, Kennth M.
245 _aReinforced Concrete Design /
942 _2ddc
_cBK